El pensamiento de Ganivet
Wedi'i Gadw mewn:
| Prif Awdur: | |
|---|---|
| Fformat: | Llyfr |
| Iaith: | Sbaeneg |
| Cyhoeddwyd: |
Madrid
Revista de Occidente
1965
|
| Pynciau: | |
| Tagiau: |
Ychwanegu Tag
Dim Tagiau, Byddwch y cyntaf i dagio'r cofnod hwn!
|
MARC
| LEADER | 00000nam a2200000 a 4500 | ||
|---|---|---|---|
| 001 | UCZ2295 | ||
| 003 | CL-VaPUC | ||
| 005 | 20221024164122.0 | ||
| 008 | 950928e19650000SP |||||||||||||||||spa|d | ||
| 999 | |c 238926 |d 238924 | ||
| 040 | |c Pontificia Universidad Católica de Valparaíso | ||
| 082 | 0 | 4 | |a 861.09 |b OLM |2 21 |
| 100 | |a Olmedo Moreno, Miguel |e autor |9 346048 | ||
| 245 | 1 | 3 | |a El pensamiento de Ganivet |
| 260 | |a Madrid |b Revista de Occidente |c 1965 | ||
| 300 | |a 362 p | ||
| 583 | |a last modification |c 19950928 00:00:00 |k Rodrigo Vera | ||
| 600 | |a Ganivet, Ángel, |d 1865-1898 |x Crítica e interpretación |9 877893 | ||
| 650 | 0 | |a Literatura española |9 306261 | |
| 942 | |c BK |2 ddc | ||
| 945 | |d 19950928 00:00:00 |a awong | ||
| 952 | |0 0 |1 0 |4 0 |6 861_090000000000000_OLM_1965 |7 0 |8 A |9 249537 |a BIBEDU |b BIBEDU |d 2019-11-18 |i 3132722 |o 861.09 OLM 1965 |p 3132722 |r 2019-11-18 |w 2019-11-18 |y BK |k FIL | ||
| 952 | |0 0 |1 0 |4 0 |6 861_090000000000000_OLM_1965 |7 0 |8 A |9 249538 |a BIBEDU |b BIBEDU |d 2019-11-18 |i 3159779 |o 861.09 OLM 1965 |p 3159779 |r 2019-11-18 |w 2019-11-18 |y BK |k LIT | ||